Foral de Vila Nova de Portimão (Registo nº 4110)

Detalhes MARC
000 -Etiqueta do registo
Cabeçalho 00914cam a2200289 4500
005 - Identificador da versão
Campo de controlo 20240813122053.0
095 ## -
-- PTBN00259124
021 ## - Número do Depósito Legal
Código do país PT
Número 33673/90
100 ## - Dados gerais de processamento
Dados gerais de processamento 19900817d1990 m d0pory5003 ba
102 ## - Pais de publicação ou produção
País de publicação Portugal
101 0# - Língua de publicação
Língua do texto, banda sonora, etc. Português
106 ## - Campo de dados codificados: material textual
Dados codificados do material textual r
105 ## - Campo de dados codificados: livros
Dados codificados dos livros a z 001yy
215 ## - Descrição física 
Indicação específica da natureza do documento e extensão da espécie 95, [1] p.
Outras indicações físicas tab.
Dimensões 24 cm
200 1# - Titulo e menção de responsabilidade
Título próprio Foral de Vila Nova de Portimão
Primeira menção de responsabilidade actual. do texto, introd., notas e glossário Maria da Graça Maia Marques, Maria da Graça Mateus Ventura
205 ## - Menção da edição
Menção da edição 1ª ed
210 ## - Publicação, Distribuição, etc. 
Lugar da edição, distribuição, etc. Portimão
Nome do editor, distribuidor, etc. Câmara Municipal
Data da publicação, distribuição, etc. 1990
675 ## - Classificação Decimal Universal (CDU)
Notação 946.960.1"15"
Edição BN
Língua da edição por
Notação 352(469.601)"15"
Edição BN
Língua da edição por
Notação 336(469.601)"15"
Edição BN
Língua da edição por
702 #1 - Nome de autor-pessoa física (responsabilidade secundária)
Número de registo de entrada de autoridade 0000719
Palavra de ordem Marques
Outra parte do nome não tomada para palavra de ordem Maria da Graça
Datas 1954-
Código de função Comentador de texto escrito
Número de registo de entrada de autoridade 0000729
Palavra de ordem Ventura
Outra parte do nome não tomada para palavra de ordem Maria da Graça Mateus
Datas 1956-
Código de função Comentador de texto escrito
942 ## - Elementos de entrada adicionados (Koha)
Tipo de item no Koha Livro
Exemplares
Situação do levantamento Origin of item (home branch) (coded) Biblioteca de empréstimo Código de barras Cota Circulation type (not for loan) Tipo de documento Nota do exemplar Damaged status
  Biblioteca Escolar das Vendas Biblioteca Escolar das Vendas BEV716 9FL POR   Livro Sem mensagem